Frazeologický fond slovenčiny v predspisovnom období.
Uložené v:
| Hlavný autor: | |
|---|---|
| Médium: | Kniha |
| Jazyk: | Slovak |
| Vydané: |
1993
|
| ISBN: |
8022403539 |
| Tagy: |
Pridať tag
Žiadne tagy, Buďte prvý kto otaguje tento záznam!
|
Titul je dostupný aj v ... 

MARC
| LEADER | 00000nam a2200000 a 4500 | ||
|---|---|---|---|
| 001 | 000245708 | ||
| 005 | 00000000000000.0 | ||
| 008 | 040101s1993 e sloo | ||
| 020 | |a 8022403539 | ||
| 041 | 0 | |a slo | |
| 100 | 1 | |a Skladaná, J. |4 aut | |
| 245 | 1 | 0 | |a Frazeologický fond slovenčiny v predspisovnom období. |
| 260 | |c 1993 | ||
| 500 | |a Záznam neprešiel kontrolou | ||
| 910 | |a svkkk | ||
| 919 | |a 80-224-0353-9 | ||
| 998 | |a BK | ||
| 090 | |g SCKHL |k Sklad Pribinova 2. posch. |a II.354689 |j 863633 |i 2720208557 |4 Multiplikát |s Návrh na vyradenie | ||
| 090 | |g SCKHL |k Sklad Pribinova 2. posch. |a II.354690 |j 863634 |i 2720205053 |s Absenčne | ||
| 090 | |g SCKHL |k Sklad Pribinova 2. posch. |a II.354691 |j 863635 |i 2720216147 |s Povinný výt. | ||
| 090 | |g SCKHL |k Sklad Pribinova 2. posch. |a III.162599 |j 870351 |i 2720051121 |4 Multiplikát |s Vyradená | ||
| 090 | |g SCKHL |k Sklad Pribinova 2. posch. |a III.162600 |j 870352 |i 245708-50 |4 Multiplikát |s Vyradená | ||